[Event "Santiago Endesa 03"]
[Site "Santiago de Chile"]
[Date "2008.05.05"]
[Round "9"]
[White "Velasquez Ojeda, Cesar"]
[Black "Vargas Maliqueo, Ivan Patricio"]
[Result "0-1"]
[WhiteElo "2282"]
[BlackElo "2209"]
[PlyCount "44"]
[EventDate "2008.04.07"]
[EventType "tourn"]
[EventRounds "9"]
[EventCountry "CHI"]
[SourceTitle "EXT 2012"]
[Source "ChessBase"]
[SourceDate "2011.11.24"]
[SourceVersion "1"]
[SourceVersionDate "2011.11.24"]
[SourceQuality "1"]

1. e4 c5 2. Nf3 Nc6 3. d4 cxd4 4. Nxd4 g6 5. Be3 Bg7 6. Nc3 Nf6 7. Nxc6 bxc6 8. e5 Ng8 9. f4 Nh6 10. Bd3 0-0 11. 0-0 d6 12. Qf3 dxe5 13. fxe5 Ng4 14. Qxc6 Nxe3 15. Qxa8 Nxf1 16. Qxa7 Nxh2 17. Kxh2 Bxe5+ 18. Kh1 Bd4 19. Qa8 e5 20. Qe4 Qg5 21. g3 Qxg3 22. Qg2 Qh4+ 0-1